Score 0/18 Timer 05:00
0 Plays Today
% Correct
Bittersweet Christmas movies
91.6%
Found footage movies
90.4%
Movies named after songs
88.7%
Movies with twins
86.6%
Released in 1984
84.6%
Characters with disfigured faces
84.6%
Movies with a voyage and return
84.5%
Set in Victorian London
82.3%
Movies based on video games
82.2%
% Correct
Teenage pregnancy
81.7%
Nazi antagonists
81.4%
Comedy kidnap movies
76.1%
Important characters named Andrew
70.6%
Birthday party scenes
69%
Tim Robbins movies
68.2%
A lead actor born in Spain
66.8%
Set in Moscow
59.3%
Movies with sole-surviving women
56.5%
Remove Ads.
Support Sporcle.
Get the best of Sporcle when you Go Orange. This ad-free experience offers more features, more stats, and more fun while also helping to support Sporcle. Thank you for becoming a member.

You're not logged in!

Compare scores with friends on all Sporcle quizzes.
OR
Log In

Show Comments

Extras

Top Quizzes Today


Score Distribution

Your Account Isn't Verified!

In order to create a playlist on Sporcle, you need to verify the email address you used during registration. Go to your Sporcle Settings to finish the process.

Report this User

Report this user for behavior that violates our Community Guidelines.

Details: